Library Banner

Oral implantology review / (Record no. 140028)

MARC details
000 -LEADER
fixed length control field 00457nam a22001697a 4500
005 - DATE AND TIME OF LATEST TRANSACTION
control field 20260305134700.0
008 - FIXED-LENGTH DATA ELEMENTS--GENERAL INFORMATION
fixed length control field 260305b |||||||| |||| 00| 0 eng d
020 ## - INTERNATIONAL STANDARD BOOK NUMBER
International Standard Book Number 9781647241568 (pbk)
040 ## - CATALOGING SOURCE
Transcribing agency PK-LaUMT
082 ## - DEWEY DECIMAL CLASSIFICATION NUMBER
Classification number 617.693
Item number ALF-O
100 ## - MAIN ENTRY--PERSONAL NAME
Personal name Al-Faraje, Louie
245 ## - TITLE STATEMENT
Title Oral implantology review /
Statement of responsibility, etc by Louie Al-Faraje
250 ## - EDITION STATEMENT
Edition statement 2nd ed.
260 ## - PUBLICATION, DISTRIBUTION, ETC. (IMPRINT)
Place of publication, distribution, etc Batavia :
Name of publisher, distributor, etc Quintessence Publsihing,
Date of publication, distribution, etc 2023
300 ## - PHYSICAL DESCRIPTION
Extent 261 p.
942 ## - ADDED ENTRY ELEMENTS (KOHA)
Koha item type Books
Holdings
Withdrawn status Lost status Damaged status Home library Current library Date acquired Full call number Barcode Date last seen Price effective from Koha item type
      UMT Health Sciences Campus UMT Health Sciences Campus 2026-03-05 617.693 ALF-O 152154 2026-03-05 2026-03-05 Books